[Event "ROM-ch U10"]
[Site "Calimanesti Caciulata"]
[Date "2016.04.21"]
[Round "5"]
[White "Popescu, Razvan Andrei"]
[Black "Belgiu, Radu Matei"]
[Result "1-0"]
[WhiteElo "1047"]
[BlackElo "1001"]
[PlyCount "33"]
[EventDate "2016.04.18"]
[EventType "swiss"]
[EventRounds "9"]
[EventCountry "ROU"]
[SourceTitle "CBM 172 Extra"]
[Source "ChessBase"]
[SourceDate "2016.06.21"]
[SourceVersion "1"]
[SourceVersionDate "2016.06.21"]
[SourceQuality "1"]

1. e4 c6 2. Nf3 d5 3. exd5 cxd5 4. Bb5+ Nc6 5. Nc3 Bg4 6. h3 Bxf3 7. Qxf3 Nf6 8. 0-0 e6 9. d3 Qd6 10. Bf4 e5 11. Bg3 0-0-0 12. Qf5+ Qe6 13. Qf3 d4 14. Na4 e4 15. dxe4 d3 16. Qf4 Rd4 17. Qc7# 1-0